[Event "Bruges Masters 2019"]
[Site "Bruges"]
[Date "2019.08.14"]
[Round "8.10"]
[White "Leenhouts, Koen"]
[Black "Van Vliet, Dennis"]
[Result "1-0"]
[WhiteElo "2426"]
[BlackElo "2057"]
[Annotator "NA"]
[PlyCount "41"]
[EventDate "2019.08.11"]
[EventType "swiss"]
[EventCountry "BEL"]
[SourceTitle "playchess.com"]
[Source "ChessBase"]
[SourceQuality "1"]
[TimeControl "5400+30"]

1. d4 {[%emt 0:00:00]} e6 {[%emt 0:00:01]} 2. c4 {[%emt 0:00:00]} Nf6 {[%emt 0:00:17]} 3. Nc3 {[%emt 0:00:00]} Bb4 {[%emt 0:00:09]} 4. Qc2 {[%emt 0:00:08]} O-O {[%emt 0:00:51]} 5. Nf3 {[%emt 0:01:03]} b6 {[%emt 0:00:34]} 6. e4 {[%emt 0:00:27]} Bxc3+ {[%emt 0:02:29]} 7. bxc3 {[%emt 0:00:09]} d6 {[%emt 0:06:12]} 8. Bd3 {[%emt 0:02:38]} h6 {[%emt 0:04:48]} 9. O-O {[%emt 0:05:35]} Bb7 {[%emt 0:08:43]} 10. Ba3 {[%emt 0:07:08]} c5 {[%emt 0:02:12]} 11. d5 {[%emt 0:05:20]} e5 {[%emt 0:01:34]} 12. Rae1 {[%emt 0:02:44]} Nh5 {[%emt 0:10:09]} 13. Bc1 {[%emt 0:00:48]} Bc8 {[%emt 0:00:34]} 14. Be2 {[%emt 0:07:19]} Nd7 {[%emt 0:13:56]} 15. Nxe5 {[%emt 0:03:19]} Nxe5 {[%emt 0:00:26]} 16. Bxh5 {[%emt 0:00:07]} Nxc4 {[%emt 0:04:46]} 17. Be2 {[%emt 0:09:07]} b5 {[%emt 0:03:03]} 18. f4 {[%emt 0:02:31]} f5 {[%emt 0:00:10]} 19. e5 {[%emt 0:03:26]} Bb7 {[%emt 0:04:00]} 20. e6 {[%emt 0:02:49]} Bxd5 {[%emt 0:02:39]} 21. Bxc4 {[%emt 0:00:47]} 1-0

[Event "Bruges Masters 2019"]
[Site "Bruges"]
[Date "2019.08.14"]
[Round "8.11"]
[White "Wecker, Martin"]
[Black "Quesada Vera, Liordis"]
[Result "0-1"]
[WhiteElo "2134"]
[BlackElo "2386"]
[Annotator "NA"]
[PlyCount "86"]
[EventDate "2019.08.11"]
[EventType "swiss"]
[EventCountry "BEL"]
[SourceTitle "playchess.com"]
[Source "ChessBase"]
[SourceQuality "1"]
[TimeControl "5400+30"]

1. Nf3 {[%emt 0:00:00]} d6 {[%emt 0:00:47]} 2. d4 {[%emt 0:00:00]} Nd7 {[%emt 0:00:11]} 3. c4 {[%emt 0:00:07]} e5 {[%emt 0:00:13]} 4. Nc3 {[%emt 0:00:10]} Be7 {[%emt 0:00:30]} 5. e4 {[%emt 0:00:11]} Ngf6 {[%emt 0:00:10]} 6. Be2 {[%emt 0:00:11]} O-O {[%emt 0:00:27]} 7. O-O {[%emt 0:00:09]} c6 {[%emt 0:01:00]} 8. Re1 {[%emt 0:00:27]} Qe8 {[%emt 0:09:08]} 9. Bf1 {[%emt 0:02:28]} Bd8 {[%emt 0:00:29]} 10. h3 {[%emt 0:02:59]} Ba5 {[%emt 0:03:49]} 11. Bd2 {[%emt 0:07:32]} h6 {[%emt 0:09:46]} 12. a3 {[%emt 0:08:21]} exd4 {[%emt 0:03:50]} 13. Nxd4 {[%emt 0:00:15]} Ne5 {[%emt 0:00:06]} 14. Qc2 {[%emt 0:07:41]} Bb6 {[%emt 0:14:35]} 15. Be3 {[%emt 0:00:35]} Bxh3 {[%emt 0:17:19]} 16. Nf5 {[%emt 0:19:15]} Bxf5 {[%emt 0:04:35]} 17. Bxb6 {[%emt 0:02:10]} Bh7 {[%emt 0:08:09]} 18. Bd4 {[%emt 0:00:40]} c5 {[%emt 0:00:50]} 19. Be3 {[%emt 0:00:35]} Qe6 {[%emt 0:00:51]} 20. b3 {[%emt 0:01:18]} Nfg4 {[%emt 0:06:11]} 21. f3 {[%emt 0:00:22]} Nxe3 {[%emt 0:00:43]} 22. Rxe3 {[%emt 0:00:12]} Nc6 {[%emt 0:00:26]} 23. Nd5 {[%emt 0:04:35]} Rad8 {[%emt 0:00:18]} 24. Qf2 {[%emt 0:00:37]} Kh8 {[%emt 0:01:01]} 25. Rae1 {[%emt 0:01:21]} f6 {[%emt 0:04:23]} 26. g3 {[%emt 0:01:19]} Ne5 {[%emt 0:02:45]} 27. Kh2 {[%emt 0:01:10]} Qe8 {[%emt 0:00:23]} 28. Bh3 {[%emt 0:01:02]} Bg8 {[%emt 0:00:08]} 29. Kg2 {[%emt 0:04:16]} a6 {[%emt 0:01:10]} 30. a4 {[%emt 0:00:40]} Nc6 {[%emt 0:01:28]} 31. Qd2 {[%emt 0:05:21]} Nd4 {[%emt 0:01:53]} 32. Rd3 {[%emt 0:02:19]} Bxd5 {[%emt 0:01:13]} 33. exd5 {[%emt 0:00:57]} Qg6 {[%emt 0:00:02]} 34. Re7 {[%emt 0:01:32]} Rde8 {[%emt 0:01:07]} 35. Rxe8 {[%emt 0:01:41]} Rxe8 {[%emt 0:00:01]} 36. Re3 {[%emt 0:00:59]} Rxe3 {[%emt 0:03:13]} 37. Qxe3 {[%emt 0:00:05]} Qc2+ {[%emt 0:00:11]} 38. Kh1 {[%emt 0:00:32]} Qd1+ {[%emt 0:01:30]} 39. Kg2 {[%emt 0:00:11]} f5 {[%emt 0:00:54]} 40. f4 {[%emt 0:04:19]} a5 {[%emt 0:01:35]} 41. g4 {[%emt 0:00:48]} Qxb3 {[%emt 0:00:48]} 42. Qe8+ {[%emt 0:01:04]} Kh7 {[%emt 0:00:03]} 43. g5 {[%emt 0:00:46]} Qf3+ {[%emt 0:00:15]} 0-1

[Event "Bruges Masters 2019"]
[Site "Bruges"]
[Date "2019.08.14"]
[Round "8.12"]
[White "Olander, Aleksi"]
[Black "Goudriaan, Etienne"]
[Result "1/2-1/2"]
[WhiteElo "2066"]
[BlackElo "2341"]
[Annotator "NA"]
[PlyCount "70"]
[EventDate "2019.08.11"]
[EventType "swiss"]
[EventCountry "BEL"]
[SourceTitle "playchess.com"]
[Source "ChessBase"]
[SourceQuality "1"]
[TimeControl "5400+30"]

1. d4 {[%emt 0:00:00]} Nf6 {[%emt 0:00:00]} 2. c4 {[%emt 0:00:00]} e6 {[%emt 0:00:00]} 3. g3 {[%emt 0:00:00]} d5 {[%emt 0:00:00]} 4. Bg2 {[%emt 0:00:19]} dxc4 {[%emt 0:00:00]} 5. Qa4+ {[%emt 0:00:12]} Bd7 {[%emt 0:01:14]} 6. Qxc4 {[%emt 0:00:13]} Bc6 {[%emt 0:00:04]} 7. Nf3 {[%emt 0:00:25]} Nbd7 {[%emt 0:00:08]} 8. Nc3 {[%emt 0:01:22]} Bd6 {[%emt 0:06:05]} 9. O-O {[%emt 0:01:02]} Ne4 {[%emt 0:00:58]} 10. Rd1 {[%emt 0:07:53]} Nxc3 {[%emt 0:00:47]} 11. bxc3 {[%emt 0:00:55]} O-O {[%emt 0:00:35]} 12. Qd3 {[%emt 0:02:25]} Nf6 {[%emt 0:02:19]} 13. c4 {[%emt 0:09:03]} Be4 {[%emt 0:01:39]} 14. Qb3 {[%emt 0:02:19]} h6 {[%emt 0:06:45]} 15. Ne5 {[%emt 0:02:27]} Bxg2 {[%emt 0:00:49]} 16. Kxg2 {[%emt 0:00:04]} Rb8 {[%emt 0:02:05]} 17. Bb2 {[%emt 0:02:42]} Qe8 {[%emt 0:01:10]} 18. Ba3 {[%emt 0:07:41]} b5 {[%emt 0:00:54]} 19. Bxd6 {[%emt 0:04:09]} cxd6 {[%emt 0:00:19]} 20. Nf3 {[%emt 0:00:08]} Qc6 {[%emt 0:01:27]} 21. cxb5 {[%emt 0:01:18]} Rxb5 {[%emt 0:00:07]} 22. Qa3 {[%emt 0:00:10]} Rfb8 {[%emt 0:01:58]} 23. Rac1 {[%emt 0:01:21]} Qd5 {[%emt 0:00:56]} 24. Qxa7 {[%emt 0:05:50]} Ra8 {[%emt 0:08:32]} 25. Qe7 {[%emt 0:00:53]} Rb7 {[%emt 0:03:04]} 26. Rc7 {[%emt 0:00:10]} Rxc7 {[%emt 0:00:05]} 27. Qxc7 {[%emt 0:00:04]} Rxa2 {[%emt 0:02:02]} 28. Rb1 {[%emt 0:06:06]} Rxe2 {[%emt 0:21:39]} 29. Rb8+ {[%emt 0:00:31]} Kh7 {[%emt 0:00:06]} 30. Qxf7 {[%emt 0:00:11]} Qe4 {[%emt 0:08:35]} 31. Rb7 {[%emt 0:00:56]} Qg6 {[%emt 0:01:38]} 32. Qxg6+ {[%emt 0:03:08]} Kxg6 {[%emt 0:00:35]} 33. Nh4+ {[%emt 0:00:09]} Kh7 {[%emt 0:00:08]} 34. Kf3 {[%emt 0:00:28]} Rd2 {[%emt 0:02:01]} 35. Re7 {[%emt 0:03:03]} Rxd4 {[%emt 0:28:46] Ke4} 1/2-1/2

[Event "Bruges Masters 2019"]
[Site "Bruges"]
[Date "2019.08.15"]
[Round "9.2"]
[White "Jonkman, Harmen"]
[Black "Legky, Nikolay A"]
[Result "0-1"]
[WhiteElo "2394"]
[BlackElo "2397"]
[Annotator "TA"]
[PlyCount "90"]
[EventDate "2019.08.11"]
[EventType "swiss"]
[EventCountry "BEL"]
[SourceTitle "playchess.com"]
[Source "ChessBase"]
[SourceQuality "1"]

{[%evp 11,90,-2,8,8,11,8,49,27,27,30,25,27,59,17,18,12,18,5,10,-14,0,0,2,0,0,8,9,-27,0,-13,-12,-25,-14,-25,0,0,0,-18,-18,-13,-17,-17,-13,-13,0,-95,-89,-90,0,-35,0,-65,-55,-159,-101,-102,-104,-112,-104,-111,-106,-186,-168,-195,-195,-270,-268,-1166,-1166,-2573,-2312,-29968,-29971,-29967,-29968,-29971,-29970,-29971,-29972,-5165,-4714]} 1. e4 e6 2. f4 d5 3. e5 c5 4. Nf3 Ne7 5. c3 Nf5 6. Na3 Nc6 7. Nc2 {C00: French: Unusual White 2nd moves} Be7 8. d4 g6 $146 ({Predecessor:} 8... Bd7 9. Bd3 g6 10. O-O cxd4 11. Bxf5 gxf5 12. Ncxd4 Qb6 13. Rf2 Na5 14. b3 Rc8 {0-1 (45) Izoria,Z (2603)-Smirnov,A (2569) chess.com INT 2019}) 9. Bd3 {White is slightly better.} Nh4 10. Nxh4 Bxh4+ 11. g3 Be7 12. Be3 c4 13. Be2 b5 14. g4 b4 15. O-O bxc3 16. bxc3 Qa5 17. Bd2 Rb8 18. Qc1 Bd7 19. Rf3 Kd8 20. Rh3 Kc7 21. Kh1 a6 22. Rg3 Qb5 23. Bd1 Qb2 24. Qxb2 Rxb2 25. Bc1 Rb7 26. Ne3 Na7 27. f5 Nb5 28. fxe6 (28. Bd2 $11) 28... fxe6 $17 29. Nc2 Rf8 (29... Rhb8 $1 $17) 30. Kg1 Rbb8 31. Bh6 ({White should try} 31. a4 $11 Na7 32. Ne1) 31... Rf7 $36 {[%mdl 2048] Black has some pressure.} 32. Rb1 (32. a4 $15 Na7 33. Ne3) 32... Bh4 ({Black should play} 32... a5 33. Ra1 Bh4) 33. Rh3 $17 {[#]} g5 $1 34. a4 {[#] Hoping for Nb4.} Na7 $1 35. Rxb8 Kxb8 36. Rxh4 (36. Ne3 $17) 36... gxh4 $19 37. Ne1 h3 38. Nf3 {[#]} (38. g5 $142) 38... Bxa4 $1 {[%mdl 576] Deflection} 39. Bxa4 $2 (39. Ng5 Bxd1 40. Nxf7) 39... Rxf3 {[%mdl 4096] Endgame KRN-KB} 40. Bd7 Nb5 41. Bd2 Nxc3 42. Bxc3 Rxc3 43. Bxe6 Rc2 44. Bxd5 c3 45. e6 Kc7 {Accuracy: White = 30%, Black = 66%.} 0-1

[Event "Bruges Masters 2019"]
[Site "Bruges"]
[Date "2019.08.15"]
[Round "9.3"]
[White "Mirzoev, Azer"]
[Black "Vandendriessche, Jan"]
[Result "1-0"]
[WhiteElo "2474"]
[BlackElo "2078"]
[Annotator "TA"]
[PlyCount "83"]
[EventDate "2019.08.11"]
[EventType "swiss"]
[EventCountry "BEL"]
[SourceTitle "playchess.com"]
[Source "ChessBase"]
[SourceQuality "1"]

{[%evp 9,83,27,42,41,53,44,52,39,47,40,52,36,51,21,54,51,60,47,59,45,46,40,50,43,60,70,95,81,213,206,179,151,179,107,210,210,215,223,215,208,196,203,256,242,226,235,235,226,216,230,210,42,35,27,341,340,390,389,395,361,615,615,577,538,562,548,643,627,1714,1680,1657,1551,5565,5510,29993,29994]} 1. d4 d6 2. Nf3 g6 3. e4 Bg7 4. Nc3 a6 5. a4 b6 6. Bd3 {B06: Modern Defence} (6. Bc4 e6 7. O-O Ne7 8. Bf4 Nd7 9. Qd2 h6 10. Rfe1 g5 11. Bg3 Ng6 12. h3 Nf6 13. e5 Nh5 14. Bh2 Nhf4 15. exd6 cxd6 {1-0 (36) Gustafsson,J (2630)-Fier,A (2636) Linares 2015}) 6... e6 7. O-O Nd7 8. Ne2 {White is slightly better.} Ne7 9. c3 O-O 10. Re1 Bb7 11. Ng3 h6 12. Be3 $146 ({Predecessor:} 12. Bd2 c5 13. h4 Nc6 {0-1 (28) Nanu,C (2517)-Sanal,V (2478) Izmir 2016}) 12... c5 13. h3 Qc7 14. Nh2 Rae8 15. Qd2 Kh7 16. Rad1 c4 17. Bc2 b5 18. h4 f5 (18... Nf6 $16) 19. exf5 gxf5 ({Don't play} 19... Nxf5 $6 20. h5) 20. Ng4 {[%cal Re3h6]} Ng8 {[#]} ({Don't blunder} 20... Qc6 $2 21. f3) 21. Bf4 (21. d5 $1 $18 {[%mdl 512] Black must now prevent dxe6.} Bxd5 22. axb5 (22. Nxf5 exf5 23. Qxd5 {[%mdl 64] Double Attack} Kh8 $18)) 21... Bd5 (21... Nb6 $16) 22. Ne3 $18 Ndf6 {[#]} 23. Nexf5 $1 {[%mdl 512]} exf5 24. Nxf5 Kh8 25. Bxd6 Qf7 26. Bxf8 Rxf8 27. axb5 axb5 28. Qf4 Nh5 29. Qd6 Bf6 30. Be4 $2 (30. Ra1 $18) 30... Bxe4 $1 $14 31. Rxe4 {Threatens to win with Qe6.} Rd8 $2 {[%mdl 8192]} (31... Bg7 $11 {and Black has nothing to worry.} 32. g4 Nhf6) 32. Qe6 $18 Qg6 33. Rde1 Rf8 34. d5 Rf7 $2 (34... Qf7 35. Qxf7 Rxf7) 35. d6 Ng7 36. Nxg7 Rxg7 {[%csl Gg7][%cal Rg6g2]} 37. g3 Qh5 38. Kg2 Rf7 39. Rf4 Rf8 40. d7 Kg7 41. Rg4+ Kh8 {[#]} 42. Rxg8+ $1 {[%mdl 576] Double Attack. Accuracy: White = 65%, Black = 43%.} 1-0

[Event "Bruges Masters 2019"]
[Site "Bruges"]
[Date "2019.08.15"]
[Round "9.4"]
[White "Pel, Bonno"]
[Black "Du, Chunhui"]
[Result "1/2-1/2"]
[WhiteElo "2255"]
[BlackElo "2137"]
[Annotator "ChessBase"]
[PlyCount "40"]
[EventDate "2019.08.11"]
[EventType "swiss"]
[EventCountry "BEL"]
[SourceTitle "playchess.com"]
[Source "ChessBase"]
[SourceQuality "1"]
[TimeControl "5400+30"]

1. g3 {[%emt 0:00:00]} Nf6 {[%emt 0:01:43]} 2. Bg2 {[%emt 0:00:00]} c6 {[%emt 0:04:22]} 3. e4 {[%emt 0:06:05]} e5 {[%emt 0:01:28]} 4. d3 {[%emt 0:01:27]} d5 {[%emt 0:01:18]} 5. Nc3 {[%emt 0:08:16]} dxe4 {[%emt 0:05:15]} 6. dxe4 {[%emt 0:04:15]} Bb4 {[%emt 0:01:33]} 7. Qxd8+ {[%emt 0:02:57]} Kxd8 {[%emt 0:00:07]} 8. Bd2 {[%emt 0:00:05]} Bd6 {[%emt 0:00:23]} 9. O-O-O {[%emt 0:03:11]} Kc7 {[%emt 0:00:12]} 10. f4 {[%emt 0:02:03]} Nfd7 {[%emt 0:00:41]} 11. Nf3 {[%emt 0:01:04]} f6 {[%emt 0:00:03]} 12. Be3 {[%emt 0:02:30]} Nb6 {[%emt 0:03:16]} 13. b3 {[%emt 0:07:03]} Bg4 {[%emt 0:00:36]} 14. h3 {[%emt 0:01:07]} Bxf3 {[%emt 0:00:19]} 15. Bxf3 {[%emt 0:00:10]} N8d7 {[%emt 0:00:22]} 16. Rd2 {[%emt 0:06:54]} Bc5 {[%emt 0:01:49]} 17. Nd1 {[%emt 0:01:58]} a5 {[%emt 0:00:57]} 18. c3 {[%emt 0:03:36]} Rhe8 {[%emt 0:01:29]} 19. f5 {[%emt 0:05:52]} Rad8 {[%emt 0:02:15]} 20. Re1 {[%emt 0:02:31]} a4 {[%emt 1:11:52]} 1/2-1/2

[Event "Bruges Masters 2019"]
[Site "Bruges"]
[Date "2019.08.15"]
[Round "9.5"]
[White "Douriet Duany, Alexis"]
[Black "Leenhouts, Koen"]
[Result "0-1"]
[WhiteElo "2216"]
[BlackElo "2426"]
[Annotator "TA"]
[PlyCount "32"]
[EventDate "2019.08.11"]
[EventType "swiss"]
[EventCountry "BEL"]
[SourceTitle "playchess.com"]
[Source "ChessBase"]
[SourceQuality "1"]

{[%evp 12,32,22,0,17,17,39,1,38,31,67,-114,-114,-118,-95,-168,-157,-170,-165,-1600,-1591,-1394,-1387]} 1. d4 Nf6 2. Nf3 g6 3. g3 Bg7 4. Bg2 O-O 5. O-O d5 6. c4 dxc4 7. Qc2 a6 {D77: Fianchetto Grünfeld: 6 0-0: Replies other than 6...c6} (7... Nc6 8. Qxc4 Be6 9. Qa4 Nd5 10. Qd1 Nb6 11. e3 Qc8 12. b3 Bg4 13. Bb2 e5 14. d5 Rd8 15. e4 f5 {1-0 (40) Vazquez Igarza,R (2517)-Tukmakov,V (2560) Amsterdam 2006}) 8. Qxc4 b5 9. Qc2 Bb7 {The position is equal.} (9... Bf5 $5 {[%cal Rf5c2]} 10. Qd1 Nc6 $11) 10. Bf4 Nc6 11. Rc1 $146 {[#]} (11. Rd1 $14 {stays ahead.}) ({Predecessor:} 11. Rd1 Nb4 12. Qc1 Rc8 13. Nc3 Ba8 14. a4 Nbd5 15. axb5 Nxc3 16. Qxc3 {1-0 (46) Gislason,G (2318)-Heimisson,H (2190) Reykjavik 2017}) 11... Nxd4 $17 12. Nxd4 Bxg2 13. Rd1 (13. Kxg2 $17 {was worth a try.} Qxd4 14. Rd1) 13... Be4 $36 {[%mdl 2048] Black is really pushing.} 14. Qc1 Qc8 {Strongly threatening ...e5!} 15. Nb3 $2 (15. Nd2) 15... Qh3 {[%csl Ge4][%cal Rh3g2]} 16. f3 {[#]} Ng4 $1 {[%mdl 512]} 0-1

[Event "Bruges Masters 2019"]
[Site "Bruges"]
[Date "2019.08.15"]
[Round "9.6"]
[White "Quesada Vera, Liordis"]
[Black "De Waele, Warre"]
[Result "1-0"]
[WhiteElo "2386"]
[BlackElo "2225"]
[Annotator "ChessBase"]
[PlyCount "81"]
[EventDate "2019.08.11"]
[EventType "swiss"]
[EventCountry "BEL"]
[SourceTitle "playchess.com"]
[Source "ChessBase"]
[SourceQuality "1"]
[TimeControl "5400+30"]

1. d4 {[%emt 0:03:43]} Nf6 {[%emt 0:00:00]} 2. Nf3 {[%emt 0:00:08]} d5 {[%emt 0:00:00]} 3. g3 {[%emt 0:00:06]} c5 {[%emt 0:01:03]} 4. Bg2 {[%emt 0:00:11]} cxd4 {[%emt 0:00:14]} 5. O-O {[%emt 0:00:08]} e6 {[%emt 0:00:39]} 6. b3 {[%emt 0:00:21]} Bd6 {[%emt 0:12:51]} 7. Nxd4 {[%emt 0:01:20]} O-O {[%emt 0:00:31]} 8. Bb2 {[%emt 0:03:25]} a6 {[%emt 0:00:56]} 9. c4 {[%emt 0:06:59]} dxc4 {[%emt 0:07:05]} 10. bxc4 {[%emt 0:01:37]} Qc7 {[%emt 0:02:50]} 11. Nb3 {[%emt 0:08:58]} Be7 {[%emt 0:06:18]} 12. N1d2 {[%emt 0:32:47]} Nc6 {[%emt 0:16:08]} 13. c5 {[%emt 0:08:41]} Rd8 {[%emt 0:00:57]} 14. Qc1 {[%emt 0:01:13]} Bd7 {[%emt 0:05:52]} 15. Nc4 {[%emt 0:03:32]} Be8 {[%emt 0:00:58]} 16. Qc3 {[%emt 0:00:50]} Bf8 {[%emt 0:00:46]} 17. Rfc1 {[%emt 0:00:16]} Rab8 {[%emt 0:02:25]} 18. Qf3 {[%emt 0:05:50]} Nd7 {[%emt 0:03:19]} 19. Qe3 {[%emt 0:04:10]} Rdc8 {[%emt 0:02:18]} 20. Ba3 {[%emt 0:05:26]} Nf6 {[%emt 0:06:19]} 21. Rab1 {[%emt 0:01:10]} Rd8 {[%emt 0:01:55]} 22. Nd6 {[%emt 0:01:23]} Bd7 {[%emt 0:01:07]} 23. Rc4 {[%emt 0:05:49]} Ne7 {[%emt 0:01:34]} 24. Qc1 {[%emt 0:00:51]} Bc6 {[%emt 0:00:43]} 25. e4 {[%emt 0:00:10]} Nd7 {[%emt 0:08:42]} 26. Qf4 {[%emt 0:01:05]} Nf6 {[%emt 0:00:49]} 27. Bb4 {[%emt 0:00:27]} Ng6 {[%emt 0:00:34]} 28. Qc1 {[%emt 0:00:32]} Ne5 {[%emt 0:02:42]} 29. Ba5 {[%emt 0:02:10]} b6 {[%emt 0:01:09]} 30. Bxb6 {[%emt 0:00:07]} Rxb6 {[%emt 0:00:06]} 31. cxb6 {[%emt 0:00:04]} Qxd6 {[%emt 0:00:15]} 32. Rd4 {[%emt 0:00:02]} Qb8 {[%emt 0:00:45]} 33. Rxd8 {[%emt 0:00:28]} Qxd8 {[%emt 0:00:06]} 34. Na5 {[%emt 0:03:01]} Bxe4 {[%emt 0:02:48]} 35. Bxe4 {[%emt 0:00:00]} Nxe4 {[%emt 0:00:05]} 36. b7 {[%emt 0:00:00]} Qd5 {[%emt 0:02:29]} 37. b8=Q {[%emt 0:00:37]} Nf3+ {[%emt 0:00:22]} 38. Kg2 {[%emt 0:00:02]} Neg5 {[%emt 0:06:15]} 39. Qxf8+ {[%emt 0:00:38]} Kxf8 {[%emt 0:00:05]} 40. Qc8+ {[%emt 0:00:05]} Ke7 {[%emt 0:00:11]} 41. Qb7+ {[%emt 0:00:02]} 1-0

[Event "Bruges Masters 2019"]
[Site "Bruges"]
[Date "2019.08.15"]
[Round "9.7"]
[White "Van Malder, Dries"]
[Black "De Jong, Migchiel"]
[Result "0-1"]
[WhiteElo "2178"]
[BlackElo "2345"]
[Annotator "TA"]
[PlyCount "102"]
[EventDate "2019.08.11"]
[EventType "swiss"]
[EventCountry "BEL"]
[SourceTitle "playchess.com"]
[Source "ChessBase"]
[SourceQuality "1"]

{[%evp 19,102,-40,10,9,0,6,16,0,10,-16,15,0,0,0,0,-12,36,0,0,0,4,6,6,0,23,21,18,21,44,16,30,0,0,4,10,0,0,0,0,0,0,0,0,0,0,0,0,0,8,0,0,0,0,-20,-12,-61,-21,-16,-16,-43,-43,-70,-75,-83,-47,-203,-210,-197,-207,-310,-291,-334,-292,-272,-278,-247,-260,-522,-500,-497,-508,-603,-583,-524,-447]} 1. e4 e6 2. d4 d5 3. exd5 exd5 4. Nf3 Nc6 5. c3 Bd6 6. Bd3 Nge7 7. O-O Bg4 8. Nbd2 Qd7 9. Re1 O-O 10. Qc2 Bf5 11. Nf1 {C01: French: Exchange Variation} (11. b4 Bxd3 12. Qxd3 Qf5 13. Qxf5 Nxf5 14. a4 Rfe8 15. Rxe8+ Rxe8 16. Kf1 h5 17. Nb3 f6 18. b5 Nd8 {½-½ (58) Sveshnikov,V (2398)-Kovalenko,I (2684) Parnu 2016}) 11... Bxd3 12. Qxd3 Qf5 13. Qxf5 {The position is equal.} (13. Qb5 {is interesting.} a6 14. Qb3 Na5 15. Qa4 Nc4 16. Qd1) 13... Nxf5 14. Ng3 Bxg3 $146 ({Predecessor:} 14... Nxg3 15. hxg3 f6 16. Bf4 Bxf4 17. gxf4 Kf7 18. Kf1 Ne7 19. Nh4 Nc8 20. Re2 Nd6 21. Rae1 Rae8 22. Rxe8 Rxe8 23. Rxe8 Kxe8 24. Ke2 {½-½ (24) Martinez Fernandez,A (2212)-Domingo Nunez,A (2404) Lorca 2018}) 15. hxg3 h5 16. Bf4 Rac8 17. Ne5 Nce7 (17... f6 $5 {[%cal Rf6e5]} 18. Ng6 Rfd8 $11) 18. g4 hxg4 19. Nxg4 Ng6 20. Bh2 f6 21. Ne3 Nfe7 22. f3 Kf7 23. Re2 Rfd8 24. Rd1 Rd7 25. Bg3 Nf8 26. Rde1 b6 27. Ng4 Nf5 28. Bf2 Ng6 29. g3 c5 30. dxc5 bxc5 31. Rd1 d4 32. Red2 Rcd8 33. Kg2 Ne5 34. cxd4 cxd4 35. Nxe5+ fxe5 36. Rd3 g5 37. Rc1 Ke6 (37... g4 $5) 38. g4 Ne7 39. Be1 Rb8 40. Rc2 Rdb7 {And now ...Nd5 would win.} 41. b3 Rc8 $36 {[%mdl 2048] Black is more active.} 42. Rdd2 $2 {[#]} (42. Rxc8 $15 Nxc8 43. Kg3) 42... Rbc7 $1 $19 {[%cal Rc7c2]} 43. Rxc7 Rxc7 {[%mdl 4096] Endgame KRB-KRN} 44. Kf1 (44. Rf2 $142) 44... Nd5 45. Rb2 Nf4 46. Bd2 Nd3 47. Rb1 Rc2 {[%mdl 64] [#] Double Attack} 48. Bxg5 $2 (48. Ke2 Nf4+ 49. Kd1 Rxa2 50. Rc1) 48... Rf2+ {Black is clearly winning.} 49. Kg1 Rxf3 50. b4 Rg3+ 51. Kf1 e4 {Accuracy: White = 31%, Black = 62%.} 0-1

[Event "Bruges Masters 2019"]
[Site "Bruges"]
[Date "2019.08.15"]
[Round "9.8"]
[White "Dauw, Sterre"]
[Black "Bekker, Stefan"]
[Result "0-1"]
[WhiteElo "2148"]
[BlackElo "2272"]
[Annotator "ChessBase"]
[PlyCount "104"]
[EventDate "2019.08.11"]
[EventType "swiss"]
[EventCountry "BEL"]
[SourceTitle "playchess.com"]
[Source "ChessBase"]
[SourceQuality "1"]
[TimeControl "5400+30"]

1. e3 {[%emt 0:15:15]} Nf6 {[%emt 0:03:35]} 2. c4 {[%emt 0:02:04]} g6 {[%emt 0:00:15]} 3. Nc3 {[%emt 0:00:49]} Bg7 {[%emt 0:01:44]} 4. a3 {[%emt 0:01:05]} d6 {[%emt 0:01:13]} 5. b4 {[%emt 0:00:04]} a5 {[%emt 0:02:46]} 6. Bb2 {[%emt 0:00:06]} O-O {[%emt 0:00:51]} 7. Nf3 {[%emt 0:01:10]} axb4 {[%emt 0:02:20]} 8. axb4 {[%emt 0:00:06]} Rxa1 {[%emt 0:00:13]} 9. Qxa1 {[%emt 0:00:05]} Na6 {[%emt 0:00:02]} 10. b5 {[%emt 0:01:45]} Nc5 {[%emt 0:02:21]} 11. d4 {[%emt 0:01:17]} Nce4 {[%emt 0:01:25]} 12. Bd3 {[%emt 0:00:20]} Nxc3 {[%emt 0:00:12]} 13. Bxc3 {[%emt 0:00:06]} Bg4 {[%emt 0:00:58]} 14. Nd2 {[%emt 0:00:05]} e5 {[%emt 0:01:12]} 15. O-O {[%emt 0:00:24]} exd4 {[%emt 0:00:32]} 16. Bxd4 {[%emt 0:00:42]} Re8 {[%emt 0:01:46]} 17. h3 {[%emt 0:03:40]} Bd7 {[%emt 0:05:34]} 18. Ne4 {[%emt 0:01:30]} Re6 {[%emt 0:07:07]} 19. Ng5 {[%emt 0:00:40]} Re8 {[%emt 0:00:44]} 20. Ne4 {[%emt 0:00:29]} Nxe4 {[%emt 0:30:29]} 21. Bxg7 {[%emt 0:00:18]} f5 {[%emt 0:01:43]} 22. Bb2 {[%emt 0:05:45]} Qa8 {[%emt 0:02:14]} 23. Qd1 {[%emt 0:01:30]} Qa2 {[%emt 0:00:58]} 24. Qc2 {[%emt 0:01:07]} Qa5 {[%emt 0:04:36]} 25. Ra1 {[%emt 0:09:36]} Qb4 {[%emt 0:00:05]} 26. Kf1 {[%emt 0:09:55]} Nc5 {[%emt 0:00:36]} 27. Bc3 {[%emt 0:00:50]} Qb3 {[%emt 0:00:17]} 28. Qxb3 {[%emt 0:00:28]} Nxb3 {[%emt 0:00:12]} 29. Ra7 {[%emt 0:00:05]} Nc5 {[%emt 0:00:43]} 30. Be2 {[%emt 0:03:47]} Be6 {[%emt 0:02:28]} 31. Ba5 {[%emt 0:01:28]} b6 {[%emt 0:00:23]} 32. Bc3 {[%emt 0:01:06]} Rc8 {[%emt 0:00:05]} 33. f3 {[%emt 0:02:24]} Nd7 {[%emt 0:00:55]} 34. Kf2 {[%emt 0:06:20]} Ne5 {[%emt 0:01:08]} 35. Bxe5 {[%emt 0:00:25]} dxe5 {[%emt 0:00:06]} 36. f4 {[%emt 0:00:08]} e4 {[%emt 0:00:04]} 37. Ke1 {[%emt 0:04:56]} Kf8 {[%emt 0:00:21]} 38. Kd2 {[%emt 0:01:24]} Ke7 {[%emt 0:00:10]} 39. c5 {[%emt 0:00:31]} bxc5 {[%emt 0:00:07]} 40. b6 {[%emt 0:00:07]} Kd6 {[%emt 0:00:04]} 41. Ba6 {[%emt 0:00:12]} Rb8 {[%emt 0:03:03]} 42. bxc7 {[%emt 0:00:44]} Rh8 {[%emt 0:00:49]} 43. Kc3 {[%emt 0:00:07]} Kc6 {[%emt 0:00:27]} 44. c8=Q+ {[%emt 0:01:27]} Bxc8 {[%emt 0:00:07]} 45. Ra8 {[%emt 0:01:56]} Kc7 {[%emt 0:09:30]} 46. Rxc8+ {[%emt 0:01:14]} Rxc8 {[%emt 0:00:05]} 47. Bxc8 {[%emt 0:00:06]} Kxc8 {[%emt 0:00:04]} 48. Kc4 {[%emt 0:00:05]} Kb7 {[%emt 0:08:11]} 49. Kxc5 {[%emt 0:00:31]} Ka6 {[%emt 0:00:03]} 50. g4 {[%emt 0:01:03]} h6 {[%emt 0:01:45]} 51. g5 {[%emt 0:09:10]} hxg5 {[%emt 0:00:22]} 52. fxg5 {[%emt 0:00:10]} f4 {[%emt 0:00:20]} 0-1